Gares de la ligne de chemin de fer de Rennes à Châteaubriant - Statistiques

Statistiques générales
  • Ce quiz a été pris 17 fois
  • Le résultat moyen est 6 sur 10
Statistiques - réponses
Nombre de voyageurs (2023) Gare Département % Correct
15 169 003 Rennes 35
94%
170 704 Châteaubriant 44
81%
253 271 Janzé 35
81%
12 430 Vern-sur-seiche 35
63%
21 534 Corps-Nuds 35
56%
65 660 La Poterie 35
50%
20 078 Martigné-Ferchaud 35
50%
83 504 Retiers 35
50%
33 563 Le Theil-de-Bretagne 35
44%
11 929 Saint-Armel 35
38%
Aucun quiz correspondant
Distribution des résultats
% des personnes avec chaque résultat
Percentile par nombre de réponses
Votre historique - résultats
Vous n’avez pas pris ce quiz